Statistics for Periodic Table Quiz

Click here to take the quiz!

General Stats

  • This quiz has been taken 897,292 times
    (523,496 since last reset)
  • The average score is 48 of 118

Answer Stats

# Symbol Element % Correct
1HHydrogen
96%
8OOxygen
94%
2HeHelium
93%
6CCarbon
89%
79AuGold
88%
47AgSilver
86%
7NNitrogen
84%
26FeIron
80%
3LiLithium
78%
11NaSodium
77%
10NeNeon
77%
19KPotassium
76%
29CuCopper
75%
12MgMagnesium
74%
5BBoron
72%
18ArArgon
71%
13AlAluminium
69%
17ClChlorine
69%
4BeBeryllium
67%
20CaCalcium
67%
9FFluorine
66%
16SSulfur
66%
92UUranium
65%
30ZnZinc
61%
54XeXenon
58%
82PbLead
58%
50SnTin
58%
14SiSilicon
58%
15PPhosphorus
58%
22TiTitanium
55%
80HgMercury
55%
36KrKrypton
53%
25MnManganese
53%
94PuPlutonium
53%
28NiNickel
52%
53IIodine
52%
99EsEinsteinium
51%
78PtPlatinum
50%
27CoCobalt
50%
86RnRadon
49%
88RaRadium
47%
35BrBromine
46%
32GeGermanium
46%
33AsArsenic
45%
87FrFrancium
44%
74WTungsten
42%
56BaBarium
42%
24CrChromium
42%
55CsCesium
40%
98CfCalifornium
40%
31GaGallium
40%
34SeSelenium
40%
23VVanadium
39%
39YYttrium
36%
37RbRubidium
36%
21ScScandium
35%
38SrStrontium
35%
95AmAmericium
35%
46PdPalladium
33%
96CmCurium
33%
84PoPolonium
33%
48CdCadmium
32%
40ZrZirconium
32%
93NpNeptunium
31%
51SbAntimony
30%
77IrIridium
30%
49InIndium
30%
83BiBismuth
28%
42MoMolybdenum
28%
104RfRutherfordium
28%
45RhRhodium
28%
85AtAstatine
27%
81TlThallium
26%
90ThThorium
26%
63EuEuropium
26%
76OsOsmium
26%
70YbYtterbium
25%
107BhBohrium
25%
89AcActinium
25%
41NbNiobium
24%
72HfHafnium
24%
101MdMendelevium
24%
57LaLanthanum
24%
52TeTellurium
24%
43TcTechnetium
23%
44RuRuthenium
23%
58CeCerium
22%
97BkBerkelium
22%
102NoNobelium
22%
103LrLawrencium
22%
75ReRhenium
21%
73TaTantalum
21%
68ErErbium
20%
106SgSeaborgium
20%
115McMoscovium
19%
116LvLivermorium
19%
117TsTennessine
19%
100FmFermium
19%
60NdNeodymium
19%
118OgOganesson
19%
61PmPromethium
19%
65TbTerbium
19%
108HsHassium
18%
59PrPraseodymium
18%
62SmSamarium
18%
112CnCopernicium
18%
91PaProtactinium
18%
67HoHolmium
18%
69TmThulium
18%
64GdGadolinium
17%
71LuLutetium
17%
110DsDarmstadtium
17%
105DbDubnium
17%
111RgRoentgenium
16%
113NhNihonium
16%
114FlFlerovium
16%
66DyDysprosium
16%
109MtMeitnerium
15%

Score Distribution

Percentile by Number Answered

Percent of People with Each Score

Your Score History

You have not taken this quiz since the last reset